000 00638nam a22002177a 4500
003 UA-OsUOA
001 65930
007 ta
008 20091214b un ||||| |||| 00| 0 ukr d
100 _aГаліцейська Ю.
090 _a330
_bГ15
942 _cSA
040 _aUA-OsUOA
_bukr
_cUA-OsUOA
_dUA-OsUOA
245 _aОптимізація роботи банків із залучення депозитів населення в умовах фінансової кризи
300 _aС.93-95
955 _a0
041 _aukr
080 _a330
773 0 _w65923
650 7 _a330 Економіка взагалі
_2UDC
999 _c351561
_d351561